| 000 | 00728cam a2200241 a 4500 | ||
|---|---|---|---|
| 001 | 000007897 | ||
| 005 | 20200929154336.0 | ||
| 008 | 930615s1992 sp 000 f spa d | ||
| 020 | _a8401382203 | ||
| 035 | _a(DLC) 94177647 | ||
| 035 | _a(OCoLC)28275723 | ||
| 040 |
_aDO-SdBNP _cAzU _dDLC |
||
| 082 |
_a863.64 _bL521t |
||
| 100 | 1 |
_aLeguina, Joaquín. _d1941- _921678 |
|
| 245 | 1 | 0 |
_aTu nombre envenena mis sueños / _cJoaquín Leguina. |
| 260 |
_aBarcelona : _bPlaza & Janes Editores, _c1992. |
||
| 300 |
_a238 p. ; _c22 cm. |
||
| 490 | 1 |
_aLiteraria _v56 |
|
| 650 | 4 |
_aNovela española _91123 |
|
| 650 | 4 |
_aLiteratura española _ySIGLO XX _93326 |
|
| 830 | 0 |
_aLiteraria ; _v56 _921679 |
|
| 910 | _aCatalogación por copia / LC | ||
| 999 |
_c7675 _d7675 |
||